[Event "POL-ch Academic"]
[Site "Chorzow"]
[Date "2021.05.15"]
[Round "8.6"]
[White "Szustakowski, Antoni"]
[Black "Kaczmarek, Aleksander"]
[Result "1-0"]
[WhiteElo "2260"]
[BlackElo "2371"]
[PlyCount "31"]
[EventDate "2021.05.14"]
[EventType "swiss (rapid)"]
[EventRounds "9"]
[EventCountry "POL"]
[SourceTitle "CBM 202 Extra"]
[Source "ChessBase"]
[SourceDate "2021.07.31"]
[SourceVersion "1"]
[SourceVersionDate "2021.07.31"]
[SourceQuality "1"]

1. d4 Nf6 2. c4 e6 3. Nc3 Bb4 4. f3 d6 5. e4 Nc6 6. Nge2 h6 7. Be3 e5 8. d5 Ne7 9. Qa4+ c6 10. Qxb4 cxd5 11. cxd5 0-0 12. Ng3 Ne8 13. Bd3 Kh7 14. Nf5 Ng6 15. 0-0 b6 16. Nb5 1-0